000 00523nam a2200181Ia 4500
005 20250508152055.0
008 008 250505s9999 xx 000 0 hin d
037 _aTextual
040 _aFEDL
_beng
_cFEDL
041 _ahin
_2eng
084 _a657, COO
_qFEDL
100 _aCoomber R Robert
_9342363
245 0 _aBalance carried forward : An outline of elementary book keeping
260 _aLondon, UK
_bPenguin Books
_c1953
300 _a264p.
942 _cTEXL
_h657, COO
999 _c1334081
_d1334081